00513 2200193 4500001002100000005001500021008004100036020001800077035001900095041000700114082001300121090001900134100003300153245004400186260002800230300003400258500001100292650001600303INLIS00000000000145620241224112343241224||||||||| | ||| |||| || |  a979-669-169-8 0010-1224001456 aid0 a398.5984 a398.5984 YUS c0 aBurhanudin Soebely Iwan Yusi00aCerita Rakyat Dari Kalimantan Selatan 2 aJakartabGrasindoc2001 avii, 64 hlm. : ilusi. ; 21 cm aCet. 3 0aIlmu Sosial